000 00512nam a22001817a 4500
999 _c173053
_d173053
005 20200218111246.0
010 _aA-304014
020 _c60.00
035 _aA-304014
037 _bBPPD/Pub.
082 _a921
100 _aاشرف رفیع
245 _aنضم طباطبای /
_cاشرف رفیع
246 _aNazm Taba Tabayi (urdu) /
_bby Ashraf Rafi
260 _aHyderabad
_bIliyas treaters Publishers
_c1986 ء
300 _a512p.
_c22cm(Hb)
942 _2ddc
_cUR
_mن ظ م
_h921